000 00313nam a2200133Ia 4500
008 191201s1994 xx 000 0 und d
100 _aMILES, Leslie wc
245 0 _aTextile Printing
250 _aRep 2
260 _aN.Delhi
_bSociety of Dyers
_c1994
300 _a339
650 _aB.Tech(TE)
942 _2ddc
_cBK
999 _c3956
_d3956